| 000 | 00484nam a2200169 a 4500 | ||
|---|---|---|---|
| 001 | 000012413 | ||
| 003 | DO-SdBNP | ||
| 005 | 20171103123243.0 | ||
| 008 | 171103b xxu||||| |||| 00| 0 spa d | ||
| 040 |
_aBPMSU _bspa _cBMPSU |
||
| 245 | 1 | 0 | _aCuento obras premiadas 1997. |
| 260 |
_aSanto Domingo : _bCasa de Teatro, _c1997. |
||
| 930 | 1 |
_lBND01 _mLF1 _820091112 _f01 _pHD _g7323 |
|
| 930 | 1 |
_lBND01 _mLF1 _820091112 _f01 _pHD _g7323 _he. 2 |
|
| 942 |
_2ddc _cBK |
||
| 945 | _aInventariado, 2017/MFF | ||
| 999 |
_c8173 _d8173 |
||